काल और अवधि के दरमियान : (Record no. 113577)

MARC details
000 -LEADER
fixed length control field 01136nam a22002537a 4500
005 - DATE AND TIME OF LATEST TRANSACTION
control field 20170124102955.0
010 ## - LIBRARY OF CONGRESS CONTROL NUMBER
LC control number B-082079
020 ## - INTERNATIONAL STANDARD BOOK NUMBER
Terms of availability 150.00
International Standard Book Number 8170551536
035 ## - SYSTEM CONTROL NUMBER
System control number B-082079
037 ## - SOURCE OF ACQUISITION
Source of stock number/acquisition Cen Lib/Ret
040 ## - CATALOGING SOURCE
Original cataloging agency DPL
Language of cataloging HN
082 ## - DEWEY DECIMAL CLASSIFICATION NUMBER
Classification number 821
Item number खरेवि
100 ## - MAIN ENTRY--PERSONAL NAME
Personal name खरे, विष्णु
9 (RLIN) 52877
245 ## - TITLE STATEMENT
Title काल और अवधि के दरमियान :
Statement of responsibility, etc विष्णु खरे
Remainder of title लोठार लुत्से को उनके 75वें जन्मदिन पर /
246 ## - VARYING FORM OF TITLE
Title proper/short title Kal aur avdhi ke darmiyan : Lothar Lutse ko unke 75ve janmdin par /
Remainder of title by Vishnu Khare
260 ## - PUBLICATION, DISTRIBUTION, ETC. (IMPRINT)
Place of publication, distribution, etc नई दिल्ली
Name of publisher, distributor, etc वाणी प्रकाशन
Date of publication, distribution, etc 2003
270 ## - ADDRESS
City नई दिल्ली
Address 21-ए, दरियागंज
Postal code 110002
300 ## - PHYSICAL DESCRIPTION
Extent 120पृ.
Dimensions 21सेमी (सजिल्द)
650 ## - SUBJECT ADDED ENTRY--TOPICAL TERM
Topical term or geographic name as entry element हिन्दी -- साहित्य
9 (RLIN) 52878
650 ## - SUBJECT ADDED ENTRY--TOPICAL TERM
Topical term or geographic name as entry element हिन्दी -- काव्य
9 (RLIN) 779
650 ## - SUBJECT ADDED ENTRY--TOPICAL TERM
Topical term or geographic name as entry element Hindi -- literature
9 (RLIN) 52879
650 ## - SUBJECT ADDED ENTRY--TOPICAL TERM
Topical term or geographic name as entry element Hindi - Poetry
9 (RLIN) 52880
942 ## - ADDED ENTRY ELEMENTS (KOHA)
Source of classification or shelving scheme Dewey Decimal Classification
Koha item type Hindi Books
Classification part 821
Call number suffix खरेवि
Holdings
Withdrawn status Lost status Damaged status Not for loan Home library Current library Date acquired Source of acquisition Cost, normal purchase price Total Checkouts Full call number Barcode Date last seen Date checked out Copy number Cost, replacement price Price effective from Koha item type
        Central Library Central Library 12/08/2015 Cen Lib/Ret 150.00 1 821 खरेवि B-082079 20/05/2024 09/05/2024 1 150.00 12/08/2015 Hindi Books

© Delhi Public Library
Hit Counter
free hit counter